[Event "SVK-chT1E 1920"]
[Site "Slovakia"]
[Date "2019.12.08"]
[Round "6.3"]
[White "Turcan, Richard"]
[Black "Lembak, Jurij"]
[Result "1-0"]
[WhiteElo "2176"]
[BlackElo "2184"]
[PlyCount "117"]
[EventDate "2019.10.12"]
[EventType "team-tourn"]
[EventRounds "11"]
[EventCountry "SVK"]
[SourceTitle "CBM 194 Extra"]
[Source "ChessBase"]
[SourceDate "2020.03.31"]
[SourceVersion "1"]
[SourceVersionDate "2020.03.31"]
[SourceQuality "1"]
[WhiteTeam "Banska Bystrica Junior"]
[BlackTeam "Kosice Slavia TU II"]
[WhiteTeamCountry "SVK"]
[BlackTeamCountry "SVK"]

1. e4 e6 2. d4 d5 3. Nd2 dxe4 4. Nxe4 Bd7 5. Nf3 Bc6 6. Bd3 Nd7 7. Qe2 Be7 8. 0-0 Ngf6 9. Ng3 Bxf3 10. Qxf3 c6 11. Re1 0-0 12. b3 Qa5 13. Bb2 Ba3 14. Bc3 Bb4 15. Bxb4 Qxb4 16. c3 Qa5 17. Ne4 Rad8 18. Nxf6+ Nxf6 19. Re5 Rd5 20. b4 Qc7 21. Rae1 Rfd8 22. Qg3 h6 23. Bc2 Nd7 24. Rxe6 Qxg3 25. Re8+ Rxe8 26. Rxe8+ Nf8 27. fxg3 g5 28. Be4 Rd7 29. Bf5 Rc7 30. c4 Kg7 31. Rb8 Re7 32. Kf2 Kf6 33. g4 Ng6 34. Bxg6 Kxg6 35. Rd8 Kf6 36. Rd6+ Kg7 37. Kf3 a6 38. d5 cxd5 39. Rxd5 Kf6 40. Rd6+ Kg7 41. c5 f6 42. c6 bxc6 43. Rxc6 Rb7 44. a3 a5 45. bxa5 Rb3+ 46. Ke4 Rxa3 47. a6 Ra4+ 48. Kf5 Rf4+ 49. Ke6 Rxg4 50. a7 Ra4 51. Rc7+ Kg6 52. Kd7 Kf5 53. Kc8 Kf4 54. Kb7 Ke3 55. g4 Kf3 56. h3 Kg2 57. Rc3 Rb4+ 58. Kc7 Ra4 59. Kb6 1-0

[Event "SVK-chT1E 1920"]
[Site "Slovakia"]
[Date "2019.11.09"]
[Round "3.3"]
[White "Lembak, Jurij"]
[Black "Jelen, Peter"]
[Result "1/2-1/2"]
[WhiteElo "2196"]
[BlackElo "2101"]
[PlyCount "25"]
[EventDate "2019.10.12"]
[EventType "team-tourn"]
[EventRounds "11"]
[EventCountry "SVK"]
[SourceTitle "CBM 193 Extra"]
[Source "ChessBase"]
[SourceDate "2020.01.31"]
[SourceVersion "1"]
[SourceVersionDate "2020.01.31"]
[SourceQuality "1"]
[WhiteTeam "Kosice Slavia TU II"]
[BlackTeam "Liptov Chess School II"]
[WhiteTeamCountry "SVK"]
[BlackTeamCountry "SVK"]

1. d4 d5 2. c4 dxc4 3. Nc3 e5 4. e3 Nc6 5. d5 Na5 6. Nf3 Bd6 7. Nd2 Bd7 8. Bxc4 Nxc4 9. Nxc4 Qg5 10. Nxd6+ cxd6 11. Qf3 Qg6 12. e4 Ne7 13. Qg3 1/2-1/2

[Event "SVK-chT1E 1819"]
[Site "Slovakia"]
[Date "2018.10.28"]
[Round "2.5"]
[White "Lembak, Jurij"]
[Black "Zatko, Gregor"]
[Result "1/2-1/2"]
[WhiteElo "2185"]
[BlackElo "2191"]
[PlyCount "31"]
[EventDate "2018.10.27"]
[EventType "team-tourn"]
[EventRounds "11"]
[EventCountry "SVK"]
[SourceTitle "CBM 187 Extra"]
[Source "ChessBase"]
[SourceDate "2018.11.04"]
[SourceVersion "1"]
[SourceVersionDate "2018.11.04"]
[SourceQuality "1"]
[WhiteTeam "Kosice Slavia UPJS"]
[BlackTeam "Banska Bystrica Junior"]
[WhiteTeamCountry "SVK"]
[BlackTeamCountry "SVK"]

1. Nf3 g6 2. d4 Bg7 3. c3 d6 4. Bg5 h6 5. Bf4 Nd7 6. e4 e5 7. dxe5 dxe5 8. Be3 Ne7 9. Bc4 0-0 10. Nbd2 Nc6 11. b4 Qe7 12. 0-0 a6 13. Re1 Nb6 14. Bb3 Be6 15. Qc2 Rfd8 16. a4 1/2-1/2

[Event "SVK-chT1E 1718"]
[Site "Slovakia"]
[Date "2018.02.18"]
[Round "9.4"]
[White "Kociscak, Jiri"]
[Black "Lembak, Jurij"]
[Result "1-0"]
[WhiteElo "2489"]
[BlackElo "2167"]
[PlyCount "95"]
[EventDate "2017.10.21"]
[EventType "team-tourn"]
[EventRounds "11"]
[EventCountry "SVK"]
[SourceTitle "EXT 2019"]
[Source "ChessBase"]
[SourceDate "2018.10.10"]
[SourceVersion "1"]
[SourceVersionDate "2018.10.10"]
[SourceQuality "1"]
[WhiteTeam "Zilina Mladost"]
[BlackTeam "Kosice Slavia TU II"]
[WhiteTeamCountry "SVK"]
[BlackTeamCountry "SVK"]

1. d4 Nf6 2. c4 e6 3. Nf3 Bb4+ 4. Nbd2 0-0 5. e3 c5 6. a3 Bxd2+ 7. Bxd2 b6 8. Bd3 Bb7 9. Bc3 d6 10. Qc2 Nbd7 11. 0-0 Qe7 12. Ng5 h6 13. Ne4 Rfe8 14. Rad1 Nxe4 15. Bxe4 Bxe4 16. Qxe4 d5 17. Qd3 dxc4 18. Qxc4 cxd4 19. Rxd4 Rac8 20. Qe2 Nf6 21. e4 Red8 22. Rfd1 Rxd4 23. Rxd4 Rd8 24. Rc4 b5 25. Rb4 a6 26. g3 Qd7 27. Kg2 Qc6 28. h3 Ne8 29. a4 bxa4 30. Qc4 Qa8 31. Rxa4 Nd6 32. Qd4 f6 33. Qe3 Nb5 34. Bxf6 gxf6 35. Qxh6 Rd7 36. Qg6+ Rg7 37. Qxf6 Qc6 38. b3 Rf7 39. Qd8+ Kg7 40. Rc4 Qb7 41. h4 Kh7 42. Qg5 Qd7 43. Rc5 Qd4 44. Qh5+ Kg7 45. Qg4+ Kf8 46. Rc8+ Ke7 47. Qg5+ Rf6 48. Qg7+ 1-0

[Event "SVK-chT 1718"]
[Site "Slovakia"]
[Date "2017.09.30"]
[Round "1.2"]
[White "Sorkovsky, Miroslav"]
[Black "Lembak, Jurij"]
[Result "1/2-1/2"]
[WhiteElo "2180"]
[BlackElo "2204"]
[PlyCount "105"]
[EventDate "2017.09.30"]
[EventType "team-tourn"]
[EventRounds "11"]
[EventCountry "SVK"]
[SourceTitle "EXT 2018"]
[Source "ChessBase"]
[SourceDate "2017.10.13"]
[SourceVersion "1"]
[SourceVersionDate "2017.10.13"]
[SourceQuality "1"]
[WhiteTeam "Banska Bystrica Junior"]
[BlackTeam "Kosice Slavia UPJS"]
[WhiteTeamCountry "SVK"]
[BlackTeamCountry "SVK"]

1. e4 e6 2. d4 d5 3. Nc3 Nf6 4. e5 Nfd7 5. f4 c5 6. Nf3 Nc6 7. Be3 Qb6 8. Na4 Qa5+ 9. c3 c4 10. b4 Qc7 11. Be2 Be7 12. 0-0 0-0 13. Nb2 b5 14. a4 Rb8 15. a5 f5 16. Ng5 Nd8 17. Qc2 h6 18. Nh3 g6 19. Kh1 Rf7 20. Rg1 h5 21. Ng5 Bxg5 22. fxg5 Nf8 23. Raf1 Qe7 24. Nd1 Rb7 25. Qd2 Rh7 26. Nf2 Bd7 27. Nh3 Bc6 28. Rf2 a6 29. Rgf1 Kf7 30. Kg1 Ke8 31. Rf4 Rh8 32. Rh4 Nf7 33. g3 Kd8 34. Kf2 Kc8 35. Ke1 Rg8 36. Ng1 Nh7 37. Nf3 Rg7 38. Kd1 Nd8 39. Kc1 Nf8 40. Rf2 Rh7 41. h3 Qe8 42. Bd1 Rbf7 43. Bc2 Bd7 44. Rh2 Nc6 45. Qg2 Ne7 46. Bd2 Kb7 47. Qh1 Bc6 48. Rf4 Rh8 49. Qf1 Rhh7 50. Rf2 Rh8 51. Nh2 Nd7 52. g4 hxg4 53. Qe1 1/2-1/2

[Event "SVK-chT1E 1617"]
[Site "Slovakia"]
[Date "2016.11.20"]
[Round "4.3"]
[White "Lembak, Jurij"]
[Black "Konak, Jan"]
[Result "1/2-1/2"]
[WhiteElo "2229"]
[BlackElo "2145"]
[PlyCount "107"]
[EventDate "2016.10.15"]
[EventType "team-tourn"]
[EventRounds "11"]
[EventCountry "SVK"]
[SourceTitle "EXT 2018"]
[Source "ChessBase"]
[SourceDate "2017.10.13"]
[SourceVersion "1"]
[SourceVersionDate "2017.10.13"]
[SourceQuality "1"]
[WhiteTeam "Kosice Slavia TU"]
[BlackTeam "Kezmarok"]
[WhiteTeamCountry "SVK"]
[BlackTeamCountry "SVK"]

1. d4 d5 2. c4 dxc4 3. e3 c5 4. Bxc4 e6 5. Nf3 Nf6 6. 0-0 a6 7. a4 Nc6 8. Nc3 Be7 9. Qe2 0-0 10. Rd1 Qc7 11. h3 Rd8 12. d5 exd5 13. Bxd5 Nb4 14. Bc4 h6 15. Rxd8+ Bxd8 16. e4 Nd7 17. Be3 Bf6 18. Qd2 Nb6 19. Bb3 Be6 20. Bxe6 fxe6 21. Qe2 Rc8 22. Rd1 Kh8 23. Nd2 Nc2 24. a5 Nd7 25. Nc4 Nxe3 26. Qxe3 Bd4 27. Qd3 Rf8 28. Rf1 Ne5 29. Nxe5 Qxe5 30. Qc4 Rf6 31. Qd3 Qf4 32. Nd1 h5 33. Qe2 g6 34. Re1 h4 35. Ne3 Qxe4 36. Ng4 Qxe2 37. Rxe2 Rf7 38. b3 Re7 39. Re4 Kg7 40. Nh2 Bc3 41. Rc4 Bb4 42. Nf3 Rd7 43. Ng5 Rd1+ 44. Kh2 Re1 45. Rxh4 Bxa5 46. Rh7+ Kg8 47. Rxb7 Re2 48. f3 Bd2 49. Ne4 Bf4+ 50. Kg1 Rb2 51. g3 Be3+ 52. Kf1 c4 53. Re7 cxb3 54. Nf6+ 1/2-1/2

[Event "SVK-chT2D 1617"]
[Site "Slovakia"]
[Date "2016.10.08"]
[Round "1.3"]
[White "Ferkova, Dominika"]
[Black "Lembak, Jurij"]
[Result "0-1"]
[WhiteElo "2007"]
[BlackElo "2229"]
[PlyCount "28"]
[EventDate "2016.10.08"]
[EventType "team-tourn"]
[EventRounds "11"]
[EventCountry "SVK"]
[SourceTitle "EXT 2018"]
[Source "ChessBase"]
[SourceDate "2017.10.13"]
[SourceVersion "1"]
[SourceVersionDate "2017.10.13"]
[SourceQuality "1"]
[WhiteTeam "Bardejov II"]
[BlackTeam "Kosice Slavia UPJS III"]
[WhiteTeamCountry "SVK"]
[BlackTeamCountry "SVK"]

1. d4 Nf6 2. c4 e6 3. Nc3 Bb4 4. a3 Bxc3+ 5. bxc3 Ne4 6. Qc2 f5 7. e3 b6 8. Bd3 Bb7 9. Ne2 0-0 10. 0-0 Qh4 11. a4 Rf6 12. g3 Ng5 13. f3 Qh5 14. Nf4 Nxf3+ 0-1

[Event "SVK-chT 1516"]
[Site "Slovakia"]
[Date "2016.01.16"]
[Round "5.3"]
[White "Lembak, Jurij"]
[Black "Jurcik, Marian"]
[Result "0-1"]
[WhiteElo "2232"]
[BlackElo "2494"]
[PlyCount "76"]
[EventDate "2015.10.10"]
[EventType "team-tourn"]
[EventRounds "11"]
[EventCountry "SVK"]
[SourceTitle "CBM 170 Extra"]
[Source "ChessBase"]
[SourceDate "2016.02.25"]
[SourceVersion "1"]
[SourceVersionDate "2016.02.25"]
[SourceQuality "1"]
[WhiteTeam "Kosice Slavia"]
[BlackTeam "Stara Lubovna Angelus"]
[WhiteTeamCountry "SVK"]
[BlackTeamCountry "SVK"]

1. d4 e6 2. Nf3 c5 3. c3 Nf6 4. e3 b6 5. Bd3 Bb7 6. Nbd2 Be7 7. 0-0 0-0 8. Qe2 Nc6 9. a3 d5 10. b3 Qc7 11. Bb2 e5 12. e4 Rad8 13. dxe5 Nxe5 14. Nxe5 Qxe5 15. f4 Qh5 16. Qxh5 Nxh5 17. e5 g6 18. Rae1 c4 19. Be2 Ng7 20. b4 b5 21. Nf3 Ne6 22. Bc1 d4 23. Nxd4 Nxd4 24. cxd4 a5 25. bxa5 Rxd4 26. Be3 Re4 27. Bf3 Rxe3 28. Rxe3 Bc5 29. Bxb7 Bxe3+ 30. Kh1 Rd8 31. g3 c3 32. Be4 Rd4 33. Kg2 Rxe4 34. Kf3 f5 35. exf6 Re6 36. a6 Bd4 37. a7 Bxa7 38. Rc1 Bd4 0-1

[Event "SVK-chT2D 1516"]
[Site "Slovakia"]
[Date "2015.10.18"]
[Round "2.1"]
[White "Lembak, Jurij"]
[Black "Repka, Christopher"]
[Result "0-1"]
[WhiteElo "2210"]
[BlackElo "2435"]
[PlyCount "100"]
[EventDate "2015.10.17"]
[EventType "team-tourn"]
[EventRounds "11"]
[EventCountry "SVK"]
[SourceTitle "CBM 169 Extra"]
[Source "ChessBase"]
[SourceDate "2015.12.18"]
[SourceVersion "1"]
[SourceVersionDate "2015.12.18"]
[SourceQuality "1"]
[WhiteTeam "Kosice Slavia UPJS III"]
[BlackTeam "Stara Lubovna SO II"]
[WhiteTeamCountry "SVK"]
[BlackTeamCountry "SVK"]

1. Nf3 Nf6 2. d4 b6 3. g3 Bb7 4. Bg2 g6 5. 0-0 Bg7 6. c4 0-0 7. Nc3 d6 8. Bg5 Nbd7 9. Qd2 Re8 10. Rfd1 Ne4 11. Nxe4 Bxe4 12. Qf4 Nf6 13. Qh4 c5 14. Bxf6 exf6 15. dxc5 bxc5 16. Qf4 f5 17. Rxd6 Qb8 18. Rad1 Qxb2 19. R6d2 Qc3 20. Rd7 h6 21. h4 a5 22. g4 Rac8 23. Bh3 Qxc4 24. gxf5 Bd3 25. Qg3 Bxf5 26. Bxf5 gxf5 27. e3 Re6 28. h5 Qg4 29. Qxg4 fxg4 30. Rd8+ Rxd8 31. Rxd8+ Bf8 32. Nh4 Re5 33. Rc8 Rxh5 34. Ng2 Rd5 35. Nf4 Rd2 36. a4 Ra2 37. Nh5 Rxa4 38. e4 Ra1+ 39. Kg2 a4 40. Nf6+ Kg7 41. Nxg4 a3 42. Ne3 Rc1 43. Ra8 c4 44. Kf3 c3 45. Ke2 Bc5 46. Nf5+ Kh7 47. f4 Rf1 48. Kd3 Rxf4 49. Kxc3 Rxe4 50. Ra6 Re6 0-1

[Event "SVK-chT2D 1516"]
[Site "Slovakia"]
[Date "2015.10.17"]
[Round "1.3"]
[White "Dudasko, Mario"]
[Black "Lembak, Jurij"]
[Result "1-0"]
[WhiteElo "2000"]
[BlackElo "2210"]
[PlyCount "141"]
[EventDate "2015.10.17"]
[EventType "team-tourn"]
[EventRounds "11"]
[EventCountry "SVK"]
[SourceTitle "CBM 169 Extra"]
[Source "ChessBase"]
[SourceDate "2015.12.18"]
[SourceVersion "1"]
[SourceVersionDate "2015.12.18"]
[SourceQuality "1"]
[WhiteTeam "Spisska Stara Ves"]
[BlackTeam "Kosice Slavia UPJS III"]
[WhiteTeamCountry "SVK"]
[BlackTeamCountry "SVK"]

1. e4 e6 2. Nf3 d5 3. exd5 exd5 4. d4 Bg4 5. Be2 c6 6. 0-0 Bd6 7. Ne5 Bf5 8. Re1 Ne7 9. Bg4 0-0 10. Bxf5 Nxf5 11. Qg4 g6 12. c3 Na6 13. Nd2 Qh4 14. Ndf3 Qxg4 15. Nxg4 h5 16. Nf6+ Kg7 17. Bg5 Nc7 18. Nd7 Rfe8 19. Bf6+ Kg8 20. Be5 Bxe5 21. Nfxe5 Kg7 22. Nc5 Nd6 23. f3 f6 24. Ned3 b6 25. Na4 Ne6 26. Kf2 Kf7 27. Re2 g5 28. Rae1 Rac8 29. h4 gxh4 30. b4 Nf5 31. Nab2 Ng3 32. Re3 Nf5 33. R3e2 Ra8 34. Na4 Nd6 35. Rh1 Nf5 36. Rhe1 Nc7 37. Nf4 Rxe2+ 38. Rxe2 Ng7 39. Re1 Rh8 40. Nb2 Nb5 41. a4 Nd6 42. b5 cxb5 43. Nxd5 Ngf5 44. axb5 Nxb5 45. Nd3 Rc8 46. Rd1 Ne7 47. Nxe7 Kxe7 48. Nf4 Kf7 49. Rh1 Rxc3 50. Rxh4 Nxd4 51. Rxh5 Rc2+ 52. Ke3 Ne6 53. Rh7+ Ng7 54. g4 Rc7 55. Rxg7+ Kxg7 56. Ne6+ Kg6 57. Nxc7 f5 58. gxf5+ Kxf5 59. Na6 Ke5 60. f4+ Ke6 61. Ke4 Kf6 62. f5 Kf7 63. Ke5 Ke7 64. f6+ Kf7 65. Kf5 b5 66. Ke5 Ke8 67. Ke6 Kf8 68. f7 b4 69. Nxb4 a5 70. Nd5 a4 71. Nb4 1-0

[Event "SVK-chT2D 1314"]
[Site "Slovakia"]
[Date "2014.01.11"]
[Round "5.4"]
[White "Balazs, Attila"]
[Black "Lembak, Jurij"]
[Result "0-1"]
[WhiteElo "1952"]
[BlackElo "2224"]
[PlyCount "68"]
[EventDate "2013.10.19"]
[EventType "team-tourn"]
[EventRounds "11"]
[EventCountry "SVK"]
[SourceTitle "EXT 2015"]
[Source "ChessBase"]
[SourceDate "2014.11.20"]
[SourceVersion "1"]
[SourceVersionDate "2014.11.20"]
[SourceQuality "1"]
[WhiteTeam "Kosice Slavia TU IV"]
[BlackTeam "Kosice Slavia UPJS III"]
[WhiteTeamCountry "SVK"]
[BlackTeamCountry "SVK"]

1. d4 Nf6 2. Nf3 b6 3. g3 Bb7 4. Bg2 e6 5. 0-0 c5 6. c4 cxd4 7. Nxd4 Bxg2 8. Kxg2 Qc8 9. b3 Be7 10. Bb2 0-0 11. Nd2 Qb7+ 12. Kg1 Na6 13. Rc1 Rfd8 14. Qc2 Rac8 15. Qb1 Nc5 16. Rfd1 a6 17. N4f3 d6 18. Ng5 Ncd7 19. Nde4 Nxe4 20. Nxe4 Nf8 21. Ba3 d5 22. Bxe7 Qxe7 23. cxd5 Rxc1 24. Rxc1 exd5 25. Nc3 d4 26. Qe4 Qc7 27. Qf3 Rc8 28. Qd3 dxc3 29. Qxa6 c2 30. Qd3 Qc5 31. Kf1 h6 32. Qd2 Ne6 33. a4 Nd4 34. b4 Qc6 0-1

[Event "SVK-chT 1213"]
[Site "Slovakia"]
[Date "2013.03.03"]
[Round "11.6"]
[White "Lembak, Jurij"]
[Black "Kleman, Miroslav"]
[Result "1-0"]
[WhiteElo "2201"]
[BlackElo "2187"]
[PlyCount "228"]
[EventDate "2012.10.27"]
[EventType "team-tourn"]
[EventRounds "11"]
[EventCountry "SVK"]
[SourceTitle "EXT 2014"]
[Source "ChessBase"]
[SourceDate "2013.11.20"]
[SourceVersion "1"]
[SourceVersionDate "2013.11.20"]
[SourceQuality "1"]
[WhiteTeam "Kosice Slavia"]
[BlackTeam "Modra"]
[WhiteTeamCountry "SVK"]
[BlackTeamCountry "SVK"]

1. d4 d6 2. Nf3 Nf6 3. Bg5 Nbd7 4. Nbd2 e5 5. c3 Be7 6. dxe5 Nxe5 7. Nxe5 dxe5 8. Qc2 Nd5 9. Bxe7 Qxe7 10. e4 Nf6 11. Be2 Be6 12. Qa4+ Bd7 13. Qb3 0-0 14. 0-0 Bc6 15. Qc2 a5 16. Rfe1 Rfd8 17. Bf3 Qc5 18. Rad1 b5 19. Nf1 g6 20. Ne3 Kg7 21. h4 h5 22. g3 Bd7 23. Qc1 Be6 24. Nf5+ Bxf5 25. exf5 e4 26. Bxe4 Nxe4 27. Rxe4 Qxf5 28. Rf4 Qe6 29. a3 Qb3 30. Rfd4 Rxd4 31. Rxd4 Re8 32. Rd7 Qc4 33. Qd1 Re4 34. Qf3 Re1+ 35. Kh2 c5 36. Rc7 a4 37. Rb7 Re5 38. Rd7 Qe6 39. Rd2 Rf5 40. Qd3 Qf6 41. Kg1 Qe6 42. Re2 Qb3 43. Qe3 Qd1+ 44. Re1 Qd5 45. Qe2 Qb3 46. Rd1 Rf6 47. Rd7 Re6 48. Qd2 Qc4 49. Rd3 Qa2 50. Re3 Rf6 51. Re5 Rf5 52. Rxc5 Qb1+ 53. Kh2 Rxc5 54. Qd4+ Kh7 55. Qxc5 Qxb2 56. Kg2 Qb3 57. Kf3 Qd1+ 58. Kg2 Qd3 59. Kg1 Kg7 60. Qe5+ Kh7 61. Qc5 Kg7 62. Qe5+ Kf8 63. Kg2 Qc4 64. Kf3 Qb3 65. Kf4 Qxa3 66. Qxb5 Qc1+ 67. Ke4 Qe1+ 68. Kd5 Qe6+ 69. Kd4 Qd6+ 70. Kc4 a3 71. Kb3 Qd1+ 72. Kxa3 Qa1+ 73. Kb3 Qb1+ 74. Kc4 Qa2+ 75. Kd3 Qxf2 76. Qe5 Qf1+ 77. Kd4 Qd1+ 78. Kc5 Qg1+ 79. Kc6 Qg2+ 80. Kc7 Qc2 81. Qd4 Qh2 82. Qh8+ Ke7 83. Qe5+ Kf8 84. c4 Qa2 85. Qd4 Kg8 86. Kb7 Qb3+ 87. Ka7 Qxg3 88. c5 Qc7+ 89. Ka6 Qc6+ 90. Ka5 Kf8 91. Qd8+ Kg7 92. Qd6 Qa8+ 93. Kb6 Qa4 94. Qe5+ Kh7 95. c6 Qb4+ 96. Qb5 Qd4+ 97. Ka6 Qd6 98. Kb7 Qd4 99. c7 Qe4+ 100. Qc6 Qb4+ 101. Ka7 Qa3+ 102. Qa6 Qe3+ 103. Qb6 Qe7 104. Kb8 Qe5 105. Qb4 Kg7 106. Kb7 Qd5+ 107. Kb6 Qe6+ 108. Ka7 Qe3+ 109. Kb7 Qf3+ 110. Kb6 Qe3+ 111. Ka6 Qe6+ 112. Ka7 Qe3+ 113. Kb8 Qe5 114. Qc4 Qb2+ 1-0

[Event "SVK-chT 1213"]
[Site "Slovakia"]
[Date "2013.02.10"]
[Round "8.6"]
[White "Kovacik, Emil"]
[Black "Lembak, Jurij"]
[Result "1/2-1/2"]
[WhiteElo "2212"]
[BlackElo "2201"]
[PlyCount "40"]
[EventDate "2012.10.27"]
[EventType "team-tourn"]
[EventRounds "11"]
[EventCountry "SVK"]
[SourceTitle "EXT 2014"]
[Source "ChessBase"]
[SourceDate "2013.11.20"]
[SourceVersion "1"]
[SourceVersionDate "2013.11.20"]
[SourceQuality "1"]
[WhiteTeam "Dubnica nad Vahom"]
[BlackTeam "Kosice Slavia"]
[WhiteTeamCountry "SVK"]
[BlackTeamCountry "SVK"]

1. e4 c5 2. Nc3 Nc6 3. g3 g6 4. d3 Bg7 5. Be3 d6 6. Qd2 Nd4 7. Bg2 h5 8. h3 e6 9. Nd1 Ne7 10. c3 Ndc6 11. Ne2 b6 12. d4 Ba6 13. 0-0 cxd4 14. cxd4 Bxe2 15. Qxe2 Bxd4 16. Qd2 Bg7 17. Nc3 0-0 18. Rad1 Na5 19. b3 Qd7 20. Bg5 Nb7 1/2-1/2

[Event "SVK-chT 1213"]
[Site "Slovakia"]
[Date "2013.02.09"]
[Round "7.6"]
[White "Lembak, Jurij"]
[Black "Malinovsky, Karel"]
[Result "1/2-1/2"]
[WhiteElo "2201"]
[BlackElo "2396"]
[PlyCount "35"]
[EventDate "2012.10.27"]
[EventType "team-tourn"]
[EventRounds "11"]
[EventCountry "SVK"]
[SourceTitle "EXT 2014"]
[Source "ChessBase"]
[SourceDate "2013.11.20"]
[SourceVersion "1"]
[SourceVersionDate "2013.11.20"]
[SourceQuality "1"]
[WhiteTeam "Kosice Slavia"]
[BlackTeam "Trencin"]
[WhiteTeamCountry "SVK"]
[BlackTeamCountry "SVK"]

1. d4 d5 2. Nf3 e6 3. c4 c5 4. cxd5 exd5 5. g3 Nc6 6. Bg2 Nf6 7. 0-0 Be7 8. Nc3 0-0 9. Bg5 cxd4 10. Nxd4 h6 11. Bf4 a6 12. Rc1 Re8 13. Na4 Bd7 14. a3 Bf8 15. Re1 Rc8 16. Nxc6 bxc6 17. Be3 Ne4 18. Nc5 1/2-1/2

[Event "SVK-chT2D 1213"]
[Site "Slovakia"]
[Date "2012.12.01"]
[Round "3.2"]
[White "Koval, Maros"]
[Black "Lembak, Jurij"]
[Result "0-1"]
[WhiteElo "2057"]
[BlackElo "2201"]
[PlyCount "62"]
[EventDate "2012.10.13"]
[EventType "team-tourn"]
[EventRounds "11"]
[EventCountry "SVK"]
[SourceTitle "EXT 2015"]
[Source "ChessBase"]
[SourceDate "2014.11.20"]
[SourceVersion "1"]
[SourceVersionDate "2014.11.20"]
[SourceQuality "1"]
[WhiteTeam "Presov Tatran Dason"]
[BlackTeam "Kosice Slavia UPJS III"]
[WhiteTeamCountry "SVK"]
[BlackTeamCountry "SVK"]

1. d4 e6 2. Nf3 c5 3. e4 cxd4 4. Nxd4 a6 5. Nc3 Qc7 6. Bd3 Nf6 7. 0-0 Be7 8. a4 b6 9. Kh1 Bb7 10. f4 d6 11. Be3 Nbd7 12. Qe2 0-0 13. Rae1 Nc5 14. Bg1 Nxd3 15. cxd3 Rac8 16. Rc1 Qb8 17. g4 Rfe8 18. g5 Nd7 19. Qh5 g6 20. Qg4 Bf8 21. h4 Bg7 22. Kh2 Re7 23. Nf3 b5 24. axb5 axb5 25. Nxb5 Rxc1 26. Rxc1 Ba6 27. Nbd4 Bxd3 28. Nc6 Qxb2+ 29. Qg2 Qxc1 30. Nxe7+ Kf8 31. Nc8 Qxc8 0-1

[Event "SVK-chT 1213"]
[Site "Slovakia"]
[Date "2012.11.24"]
[Round "3.6"]
[White "Lembak, Jurij"]
[Black "Skreno, Vladimir"]
[Result "1/2-1/2"]
[WhiteElo "2201"]
[BlackElo "2165"]
[PlyCount "54"]
[EventDate "2012.10.27"]
[EventType "team-tourn"]
[EventRounds "11"]
[EventCountry "SVK"]
[SourceTitle "EXT 2014"]
[Source "ChessBase"]
[SourceDate "2013.11.20"]
[SourceVersion "1"]
[SourceVersionDate "2013.11.20"]
[SourceQuality "1"]
[WhiteTeam "Kosice Slavia"]
[BlackTeam "Nitra"]
[WhiteTeamCountry "SVK"]
[BlackTeamCountry "SVK"]

1. d4 Nf6 2. Nf3 g6 3. Bg5 Bg7 4. Nbd2 d6 5. c3 c6 6. e4 Qc7 7. Be2 0-0 8. 0-0 Re8 9. Re1 e5 10. dxe5 dxe5 11. Qc2 Be6 12. Bh4 h6 13. Rad1 Nbd7 14. Bc4 Nb6 15. Bxe6 Rxe6 16. Nf1 Rd8 17. Rxd8+ Qxd8 18. Ne3 Qc7 19. Rd1 Rd6 20. Rxd6 Qxd6 21. Bxf6 Bxf6 22. Nd2 Bg5 23. Ndc4 Qe7 24. Nxb6 Bxe3 25. Nc4 Bb6 26. Qd2 Kg7 27. b4 Qe6 1/2-1/2

[Event "SVK-chT2D 1213"]
[Site "Slovakia"]
[Date "2012.10.14"]
[Round "2.2"]
[White "Novotny, Adam"]
[Black "Lembak, Jurij"]
[Result "0-1"]
[WhiteElo "1915"]
[BlackElo "2201"]
[PlyCount "108"]
[EventDate "2012.10.13"]
[EventType "team-tourn"]
[EventRounds "11"]
[EventCountry "SVK"]
[SourceTitle "EXT 2015"]
[Source "ChessBase"]
[SourceDate "2014.11.20"]
[SourceVersion "1"]
[SourceVersionDate "2014.11.20"]
[SourceQuality "1"]
[WhiteTeam "Presov Slavia"]
[BlackTeam "Kosice Slavia UPJS III"]
[WhiteTeamCountry "SVK"]
[BlackTeamCountry "SVK"]

1. e4 e6 2. d4 d5 3. Nd2 dxe4 4. Nxe4 Bd7 5. Nf3 Bc6 6. Bd3 Nd7 7. 0-0 Be7 8. b3 Ngf6 9. Ng3 0-0 10. Bb2 b6 11. c4 Bb7 12. Qe2 c5 13. Rad1 Qc7 14. Rfe1 Rfe8 15. Bb1 Rad8 16. Ne5 cxd4 17. Bxd4 Nxe5 18. Bxe5 Qc6 19. f3 Rxd1 20. Rxd1 Rd8 21. Rxd8+ Bxd8 22. Qd3 Qd7 23. Kf2 Qxd3 24. Bxd3 Nd7 25. Bd6 f5 26. Ke3 Kf7 27. b4 Bg5+ 28. f4 Be7 29. Bxe7 Kxe7 30. Bf1 a5 31. a3 axb4 32. axb4 Nb8 33. Ne2 Na6 34. b5 Nc5 35. Nc3 Kf6 36. g3 e5 37. fxe5+ Kxe5 38. Bd3 g5 39. Ne2 h6 40. Bc2 Bc8 41. h4 Be6 42. hxg5 hxg5 43. Bd3 Bf7 44. Ng1 f4+ 45. gxf4+ gxf4+ 46. Kd2 Bh5 47. Be2 Bxe2 48. Nxe2 Ne4+ 49. Kd3 f3 50. Nd4 f2 51. Nc6+ Kf4 52. Ke2 Kg3 53. Nd4 Kg2 54. Ke3 Nc5 0-1

[Event "Stara Lubovna Sorea op"]
[Site "Stara Lubovna"]
[Date "2011.09.10"]
[Round "3"]
[White "Krajnik, Richard"]
[Black "Lembak, Jurij"]
[Result "0-1"]
[WhiteElo "1848"]
[BlackElo "2245"]
[PlyCount "90"]
[EventDate "2011.09.09"]
[EventType "swiss"]
[EventRounds "7"]
[EventCountry "SVK"]
[SourceTitle "CBM 144 Extra"]
[Source "ChessBase"]
[SourceDate "2011.10.28"]
[SourceVersion "1"]
[SourceVersionDate "2011.10.28"]
[SourceQuality "1"]

1. e4 e6 2. Nf3 d5 3. Nc3 Nf6 4. e5 Nfd7 5. d4 c5 6. Be3 cxd4 7. Bxd4 Nc6 8. Bb5 a6 9. Bxc6 bxc6 10. Be3 Be7 11. 0-0 c5 12. Bf4 0-0 13. Re1 Bb7 14. h3 Re8 15. Nh2 Nf8 16. Qg4 Qb6 17. b3 Ng6 18. Ne2 d4 19. Nf3 Rad8 20. Rad1 Be4 21. c4 Qb7 22. Ng3 Bc6 23. Rd3 Rd7 24. Bg5 Bf8 25. h4 Qc7 26. Bf4 f5 27. Qg5 Be7 28. Qh5 Rb8 29. Ng5 Bxg5 30. Qxg5 Rf7 31. h5 Nxf4 32. Qxf4 Qe7 33. Nf1 Kh8 34. Rg3 Rg8 35. Rg5 Rff8 36. Rd1 Be8 37. Rd3 h6 38. Rg6 Bxg6 39. hxg6 Rd8 40. Rh3 Rgf8 41. Nd2 Kg8 42. Rh5 d3 43. Qf3 Qc7 44. g4 Qxe5 45. Qh3 Qf4 0-1

[Event "Stara Lubovna Sorea op"]
[Site "Stara Lubovna"]
[Date "2011.09.09"]
[Round "1"]
[White "Novotny, Adam"]
[Black "Lembak, Jurij"]
[Result "0-1"]
[WhiteElo "1807"]
[BlackElo "2245"]
[PlyCount "62"]
[EventDate "2011.09.09"]
[EventType "swiss"]
[EventRounds "7"]
[EventCountry "SVK"]
[SourceTitle "CBM 144 Extra"]
[Source "ChessBase"]
[SourceDate "2011.10.28"]
[SourceVersion "1"]
[SourceVersionDate "2011.10.28"]
[SourceQuality "1"]

1. e4 e6 2. d3 c5 3. g3 Nc6 4. Bg2 g6 5. Nc3 Bg7 6. f4 d6 7. Nf3 Nge7 8. 0-0 0-0 9. Be3 Nd4 10. Rb1 Rb8 11. Ne2 Nxf3+ 12. Bxf3 b6 13. c3 Ba6 14. d4 Qc7 15. g4 Rbc8 16. Rf2 cxd4 17. cxd4 Qc2 18. Qe1 Qd3 19. Bd2 Bb7 20. Rd1 Qb5 21. Bc3 d5 22. e5 f6 23. a3 fxe5 24. dxe5 Rf7 25. Nd4 Qd7 26. Be2 a6 27. Qf1 Rcf8 28. Nc2 Qa4 29. Bd3 Rxf4 30. Rdd2 Rxg4+ 31. Kh1 d4+ 0-1